Fasting, feasting / (Record no. 2722)
[ view plain ]
| 000 -LEADER | |
|---|---|
| fixed length control field | 00708cam a2200241 4500 |
| 001 - CONTROL NUMBER | |
| control field | 3362 |
| 005 - DATE AND TIME OF LATEST TRANSACTION | |
| control field | 20181127171101.0 |
| 008 - FIXED-LENGTH DATA ELEMENTS--GENERAL INFORMATION | |
| fixed length control field | 990907s1999 enk 000 1 eng c |
| 010 ## - LIBRARY OF CONGRESS CONTROL NUMBER | |
| LC control number | 99488483 |
| 020 ## - INTERNATIONAL STANDARD BOOK NUMBER | |
| International Standard Book Number | 0701168943 |
| 043 ## - GEOGRAPHIC AREA CODE | |
| Geographic area code | n-us--- |
| -- | a-ii--- |
| 100 1# - MAIN ENTRY--PERSONAL NAME | |
| Personal name | Desai, Anita, |
| Dates associated with a name | 1937- |
| 245 10 - TITLE STATEMENT | |
| Title | Fasting, feasting / |
| Statement of responsibility, etc. | Anita Desai. |
| 260 ## - PUBLICATION, DISTRIBUTION, ETC. | |
| Place of publication, distribution, etc. | London : |
| Name of publisher, distributor, etc. | Chatto & Windus, |
| Date of publication, distribution, etc. | 1999. |
| 300 ## - PHYSICAL DESCRIPTION | |
| Extent | 227 p. ; |
| Dimensions | 23 cm. |
| 650 #0 - SUBJECT ADDED ENTRY--TOPICAL TERM | |
| Topical term or geographic name entry element | Brothers and sisters |
| Form subdivision | Fiction. |
| Topical term or geographic name entry element | East Indian students |
| Geographic subdivision | Massachusetts |
| Form subdivision | Fiction. |
| Topical term or geographic name entry element | Young women |
| Form subdivision | Fiction. |
| 651 #0 - SUBJECT ADDED ENTRY--GEOGRAPHIC NAME | |
| Geographic name | India |
| Form subdivision | Fiction. |
| Geographic name | Massachusetts |
| Form subdivision | Fiction. |
| 655 #7 - INDEX TERM--GENRE/FORM | |
| Genre/form data or focus term | Bildungsromane. |
| Source of term | gsafd |
| Genre/form data or focus term | Domestic fiction. |
| Source of term | lcsh |
| Withdrawn status | Lost status | Source of classification or shelving scheme | Damaged status | Not for loan | Collection code | Home library | Current library | Shelving location | Date acquired | Serial Enumeration / chronology | Inventory number | Full call number | Barcode | Date last seen | Price effective from | Koha item type |
|---|---|---|---|---|---|---|---|---|---|---|---|---|---|---|---|---|
| Dewey Decimal Classification | Fiction | RTC Library | RTC Library | Fiction | 07/04/2022 | 5854 | FIC 813.54 DES | 30001577 | 03/01/2022 | 27/11/2018 | Fiction |